000 00418nam a2200145Ia 4500
008 200619s9999 xx 000 0 und d
020 _a978-0-07-127108-0
100 _aStevenson, William J.
245 _cWilliam J. Stevenson
_aOperations management /
250 _a10th ed.
260 _bMcGraw-Hill Companies
_c2010
300 _axxxii, 906 pages
500 _aIncludes index.
650 _a Production management.
999 _c363744
_d363744